000 00430nam a2200169Ia 4500
001 10712
003 GE_BSU
008 181216s||||||||xx |||||||||||||| ||und||
040 _cGE_BSU
245 _aВокруг света. №8 (2887) Август. 2014
245 _cГл.ред.Монахов А.
260 _aМосква
260 _c2014
300 _a156стр.28см.
653 _aВокруг света
942 _cCR
999 _c43963
_d43963